Retratos de pintores y de músicos / (Record no. 179340)

MARC details
000 -LEADER
campo de control de longitud fija 01069nam a22002537i 4500
001 - NÚMERO DE CONTROL
campo de control 179340
003 - IDENTIFICADOR DE NÚMERO DE CONTROL
campo de control ES-MaACL
005 - FECHA Y HORA DE LA ÚLTIMA TRANSACCIÓN
campo de control 20240126063025.0
008 - DATOS DE LONGITUD FIJA--INFORMACIÓN GENERAL
campo de control de longitud fija 111107s1945 sp | |||| ||spa d
040 ## - FUENTE DE CATALOGACIÓN
Centro catalogador/agencia de origen SpMaBN
Lengua de catalogación spa
Centro/agencia transcriptor SpMaBN
Normas de descripción rdc
080 #0 - NÚMERO DE LA CLASIFICACIÓN DECIMAL UNIVERSAL
Número de la Clasificación Decimal Universal 821.133.1-14"18"
100 1# - ENTRADA PRINCIPAL--NOMBRE DE PERSONA
Nombre de persona Proust, Marcel,
Fechas asociadas al nombre 1871-1922
9 (RLIN) 94056
245 10 - MENCIÓN DEL TÍTULO
Título Retratos de pintores y de músicos /
Mención de responsabilidad, etc. Marcel Proust.
260 ## - PUBLICACIÓN, DISTRIBUCIÓN, ETC.
Lugar de publicación, distribución, etc. Madrid :
Nombre del editor, distribuidor, etc. [Consejo Superior de Investigaciones Científicas],
Fecha de publicación, distribución, etc. 1945.
300 ## - DESCRIPCIÓN FÍSICA
Extensión 31 p. ;
Dimensiones 21 cm.
490 1# - MENCIÓN DE SERIE
Mención de serie Antología de la literatura contemporánea ;
Designación de volumen o secuencia 2
490 1# - MENCIÓN DE SERIE
Mención de serie Suplemento segundo de Cuadernos de literatura contemporánea del Consejo Superior de Investigaciones Científicas
594 ## - Nota al título y mención de responsabilidad
Nota al título y mención de responsabilidad Texto original y traducción al español.
830 0# - PUNTO DE ACCESO ADICIONAL DE SERIE-TÍTULO UNIFORME
Título uniforme Antología de la literatura contemporánea ;
Designación de volumen o secuencia 2
9 (RLIN) 224445
830 0# - PUNTO DE ACCESO ADICIONAL DE SERIE-TÍTULO UNIFORME
Título uniforme Suplemento segundo de Cuadernos de literatura contemporánea del Consejo Superior de Investigaciones Científicas
9 (RLIN) 224448
852 ## - LOCALIZACIÓN
Ubicación ES-MaACL
Número de control de estantería E-3513
Holdings
Estatus retirado Estado de pérdida Estado de daño No para préstamo Biblioteca de origen Biblioteca actual Ubicación en estantería Fecha de adquisición Fuente de adquisición Total de préstamos Signatura topográfica completa Código de barras Visto por última vez Precio de reemplazo Tipo de ítem Koha
        Biblioteca del Ateneo de Madrid Biblioteca del Ateneo de Madrid Depósito 2 07/11/2011     E-3513 1188400 23/02/2023 23/02/2023 Libro impreso